[Event "European Rapid Championship"]
[Site "Warsaw POL"]
[Date "2010.12.19"]
[Round "12"]
[White "Vovk,Y"]
[Black "Gashimov,V"]
[Result "0-1"]
[WhiteElo "2539"]
[BlackElo "2733"]

1.d4 Nf6 2.c4 c5 3.d5 e6 4.Nc3 exd5 5.cxd5 Bd6 6.g3 O-O 7.Bg2 Re8 8.Nf3 Bf8
9.O-O d6 10.Nd2 Nbd7 11.h3 b6 12.a4 Ba6 13.Nb5 Ne5 14.f4 Ned7 15.e4 c4 16.Re1 Nc5
17.Nxc4 Ncxe4 18.g4 Nc5 19.Rxe8 Nxe8 20.b4 Nd7 21.Bb2 Bxb5 22.axb5 g6 23.Nd2 Nc7
24.Ne4 Ne8 25.Rc1 Ndf6 26.Ng3 Bg7 27.Qd2 h6 28.Ne2 Nc7 29.Nd4 Qd7 30.Nc6 Nxb5
31.f5 g5 32.Qe2 a6 33.Qf2 Re8 34.Ba1 Qc7 35.Qa2 Qb7 36.Qf2 Nc7 37.Qd2 Na8
38.h4 Nh7 39.Bxg7 Kxg7 40.Re1 Qd7 41.hxg5 hxg5 42.Bf1 Nc7 43.f6+ Kh8 44.Re7 Qxg4+
45.Qg2 Qxg2+ 46.Bxg2 Rxe7 47.fxe7 Kg7 48.Bh3 Nf6 49.Bg2 Nfe8 50.Kf2 f5 51.Ke3 Kf6
52.Bf3 Ng7 53.Bg2 f4+ 54.Ke4 Nf5 55.Nb8 Ng3+ 56.Kf3 Nf5 57.Nd7+ Kxe7 58.Nxb6 Nh4+
59.Kf2 Nxg2 60.Kxg2 g4 61.Nc8+ Kf6 62.Nxd6 Nxd5 63.Ne4+ Kf5 64.Nd6+  0-1